• 首页
  • 本馆介绍
  • 公告通知
  • 最新文献
  • 馆藏检索
  • 电子资源
  • 读者导购
  • 参考咨询
  • 我的图书馆
  • 登录
  • 详细信息显示
  • 放入我的书架
  • 预约/预借图书
  • 作者相关作品
  • 分类相关作品
  • 丛书相关作品
  • 出版社相关作品

书目信息

  • 表格格式
  • 工作单格式
  • 卡片格式
题名:
绘画观赏
    
 
作者: 伍德福德 著 ;钱乘旦 译
分册:  
出版信息: 南京   译林出版社  2009
页数: 111页
开本: 24cm
丛书名:
单 册:
中图分类: J205.5
科图分类:
主题词: 绘画--鉴赏--西方国家 , 绘画
电子资源:
ISBN: 978-7-5447-0567-7
000 01044nam0 2200289 45
001 1256804281
005 20120627085900.09
010    @a978-7-5447-0567-7@dCNY23.00
100    @a20120626d2009 em y0chiy0110 ea
101 1  @achi@ceng
102    @aCN@b320000
105    @aa z 001yy
106    @ar
200 1  @a绘画观赏@AHui Hua Guan Shang@f(英)苏珊·伍德福德(Susan Woodford)著@F( Ying ) Su Shan· Wu De Fu De (Susan Woodford) Zhu@g钱乘旦译
210    @a南京@c译林出版社@d2009
215    @a111页@c图@d24cm
300    @a剑桥艺术史
312    @a封面英文题名:Looking at pictures
330    @a观赏绘画可以悦目愉神、感动心灵、颐养性情。本书内容涉及绘画观赏的方方面面,既能增进观赏绘画之乐,又能激发思想灵光。
510 1  @aLooking at pictures@zeng
606 0  @a绘画@x鉴赏@y西方国家
606 0  @a绘画
690    @aJ205.5@v4
701  0 @c(英)@a伍德福德@AWu De Fu De@c(女,Woodford, Susan)@4著
702  0 @a钱乘旦@AQian Cheng Dan@4译
801  0 @aCN@b大连网信软件有限公司图书馆·11@c20120627
905    @b0819253-56@dJ205.5@e599@f4
    
    绘画观赏/(英)苏珊·伍德福德(Susan Woodford)著/钱乘旦译.-南京:译林出版社,2009
    111页:图;24cm
    剑桥艺术史
    
    ISBN 978-7-5447-0567-7:CNY23.00
    观赏绘画可以悦目愉神、感动心灵、颐养性情。本书内容涉及绘画观赏的方方面面,既能增进观赏绘画之乐,又能激发思想灵光。
●
相关链接 在E读中查询图书 在五车中查询图书 在当当中查询图书 在豆瓣中查询图书


正题名:绘画观赏     索取号:J205.5/599         预约/预借

序号 登录号 条形码 馆藏地/架位号 状态 备注
1 0819253   208192533   第一样本阅览室/ [索取号:J205.5/599] 在馆    
2 0819254   208192542   第一借阅区/ [索取号:J205.5/599] 在馆    
3 0819255   208192551   第一借阅区/ [索取号:J205.5/599] 在馆    
4 0819256   208192560   第一借阅区/ [索取号:J205.5/599] 在馆    
唐山师范学院图书馆 欢迎您!
大连网信软件有限公司© 版权所有